| 000 | 00901cam a2200277 i 4500 | ||
|---|---|---|---|
| 999 |
_c200442537 _d60749 |
||
| 003 | TR-AnTOB | ||
| 005 | 20221007143229.0 | ||
| 007 | ta | ||
| 008 | 210802b1988 tu 000 0 tur d | ||
| 040 |
_aTR-AnTOB _beng _erda _cTR-AnTOB |
||
| 041 | 0 | _aeng | |
| 050 | 4 |
_bS540.A2 _a.O54 1988 |
|
| 090 |
_aS540.A2 _b.O54 1988 |
||
| 245 | 0 | 0 | _aOngoing research in agriculture. |
| 264 | 1 |
_aAnkara: _bStatistical,Economic and Sociel Research and Training centre for ıslamic countries, _c1988 |
|
| 300 |
_a259 pages ; _c24 cm |
||
| 336 |
_2rdacontent _atext _btxt |
||
| 337 |
_2rdamedia _aunmediated _bn |
||
| 338 |
_2rdacarrier _avolume _bnc |
||
| 500 | _aIncludes index. | ||
| 650 | 0 |
_aAgriculture _xResearch _913893 |
|
| 710 | 2 |
_aStatistical, Economic, and Social Research and Training Centre for Islamic Countries _9130289 |
|
| 942 |
_2lcc _cBK |
||